000 00668nam a2200205Ia 4500
001 5297
003 GE_BSU
008 181216s||||||||xx |||||||||||||| ||und||
040 _cGE_BSU
080 _a519.76
100 _aГладкий А.В., Мельчук И.А.
245 _aЭлементы математической лингвистики
245 _cред. В.Вакуловская О.С. Кулагина
260 _aМосква
260 _bНаука Гл. ред. физ-мат. лит-ры
260 _c1969
300 _a192 с. 20 см.
653 _aЭлементы математической лингвистики
942 _cBK
999 _c38884
_d38884